| 000 | 01279nam a2200313 4500 | ||
|---|---|---|---|
| 001 | 0000019761 | ||
| 003 | CO-CtgCURN | ||
| 005 | 20250513170522.0 | ||
| 007 | ta | ||
| 008 | 160627s2002 000 0 eng d | ||
| 020 | _a8479035757 | ||
| 040 |
_aCO-CtgCURN _bspa _ccoctgcurn |
||
| 082 | 0 |
_a616.74 _bT71d |
|
| 100 | 1 | _aTravell, Janet G. | |
| 245 | 1 | 0 |
_aDolor y disfunción miofascial : _bel manual de los puntos gatillo / _cJanet G. Travell, Louis S. Simons , ilustraciones de Barbara D. Cummings, Diane Abeloff y Jason Lee , traducción Orlando Mayoral del Moral. |
| 250 | _a2a ed. | ||
| 260 |
_aMadrid : _bEditorial Medica Panamericana, _c2002. |
||
| 300 | _aVol. 1. | ||
| 336 | _2rdacontent | ||
| 337 |
_2rdamedia _asin mediacion _bn |
||
| 338 |
_2rdacarrier _avolumen _bnc |
||
| 500 | _aIncluye bibliografias e indice \ Titulo original. Myofascial pain [and] dysfunction : The trigger point manual. | ||
| 505 | 8 | _av.1 Mitad superior del cuerpo.--Dolor en cabeza y cuello.--Dolor dorsal alto, de hombro y de brazo.--Dolor de antebrazo y mano.--Dolor en el torso | |
| 650 | 1 | 4 | _aDolor facial. |
| 700 | 1 | _aSimons, Louis S. | |
| 908 | _a160627 | ||
| 942 |
_cBK _h616.74 _iT71d _2ddc _n0 |
||
| 999 |
_c22620 _d22620 |
||